000 00640nas a2200217 4500
001 BR8902333
003 BR-BrBNA
005 20231205091532.0
007 ta
008 230509b bl.|||p| |||| 00| 00por d
040 _aBR-BrBNA
_bpor
_cBiblioteca Nacional de Agricultura
041 _a(Pt)
072 _aH10
100 1 _aSantos, B.B.
245 1 _aNotas sobre alguns nematoides parasitos de plantas
650 _aNEMATOIDE
650 _aPARASITO DE PLANTA
773 0 _tRevista de Agricultura (Brazil)
_xISSN 0034-7655
_g(Oct 1988), v. 63(1) p. 83-84
_wBR8902333
909 _a202311
_bLúcia
_c55
_dLúcia Elande
942 _2AGRIS
_n0
_cANA
999 _c125704
_d125704